Crítica, ensayos y evocaciones

Збережено в:
Бібліографічні деталі
Автор: Cernuda, Luis (Автор)
Формат: Книга
Мова:Іспанська
Опубліковано: Barcelona Seix Barral 1970
Серія:Biblioteca Breve
Предмети:
Теги: Додати тег
Немає тегів, Будьте першим, хто поставить тег для цього запису!

MARC

LEADER 00000nam a2200000 a 4500
001 UCT6706
003 CL-VaPUC
008 970113e19700000SP |||||||||||||||||spa|d
082 0 4 |a 864  |b CER  |2 21 
100 0 |a Cernuda, Luis  |e author  |9 321579 
245 1 0 |a Crítica, ensayos y evocaciones 
300 |a 242 p 
942 |c BK 
945 |d 19970113 00:00:00  |a nastorga 
260 |a Barcelona  |b Seix Barral  |c 1970 
650 0 |a Ensayos españoles  |9 313128 
650 0 |a Crítica e interpretación   |9 255042 
650 0 |a Poesía   |9 265825 
650 0 |a Literatura  |9 259151 
583 |a last modification  |c 19970113 00:00:00  |k Rodrigo Vera 
490 0 |a Biblioteca Breve 
999 |c 255384  |d 255382 
952 |0 0  |1 0  |4 0  |6 864_000000000000000_CER_1970  |7 0  |8 ?  |9 277603  |a BIBEDU  |b BIBEDU  |d 2019-11-19  |i 3271072  |o 864 CER 1970  |p 3271072  |r 2019-11-19  |w 2019-11-19  |y BK  |k LIT